I migliori marcatori in nazionali europee - Statistics

Statistiche generali
  • Questo quiz è stato fatto 96 volte
  • Il punteggio medio è 10 su 20
Statistiche sulle risposte
Nazione Reti Presenze Risposta % Corretto
Portogallo 118 192 Cristiano Ronaldo
100%
Svezia 62 121 Zlatan Ibrahimovic
93%
Polonia 77 136 Robert Lewandowski
92%
Belgio 68 103 Romelu Lukaku
90%
Bosnia ed Erzegovina 64 126 Edin Dzeko
86%
Ungheria e Spagna 84 89 Ferenc Puskas
86%
Germania Ovest 68 62 Gerd Muller
86%
Germania 71 137 Miroslav Klose
72%
Spagna 59 98 David Villa
70%
Francia 51 123 Thierry Henry
61%
Repubblica d'Irlanda 68 146 Robbie Keane
55%
Inghilterra 53 120 Wayne Rooney
55%
Turchia 51 112 Hakan Sukur
19%
Repubblica Ceca 55 91 Jan Koller
8%
Ungheria 75 68 Sandor Kocsis
8%
Danimarca 52 112 Jon Dahl Tomasson
7%
Danimarca 52 38 Poul Nielsen
1%
Ungheria 60 93 Imre Schlosser
0%
Germania Est 55 102 Joachin Streich
0%
Ungheria 51 72 Lajos Tichy
0%
Nessun quiz corrispondente trovato
Distribuzione punteggi
Percentuale di utenti per punteggio
Percentile per numero di risposta
I tuoi punteggi nel tempo
Non hai fatto questo quiz